[Event "SUI-chT"]
[Site "Switzerland"]
[Date "2021.10.10"]
[Round "3.7"]
[White "Fecker, Noah"]
[Black "Huss, Andreas"]
[Result "1/2-1/2"]
[WhiteElo "2325"]
[BlackElo "2249"]
[PlyCount "79"]
[EventDate "2021.08.29"]
[EventType "team-tourn"]
[EventRounds "9"]
[EventCountry "SUI"]
[SourceTitle "EXT 2023"]
[Source "ChessBase"]
[SourceDate "2022.10.05"]
[SourceVersion "1"]
[SourceVersionDate "2022.10.05"]
[SourceQuality "1"]
[WhiteTeam "Zuerich"]
[BlackTeam "Winterthur"]
[WhiteTeamCountry "SUI"]
[BlackTeamCountry "SUI"]

1. e4 e6 2. d4 d5 3. Nd2 Nf6 4. e5 Nfd7 5. Bd3 c5 6. c3 b6 7. Ne2 Ba6 8. Bxa6 Nxa6 9. 0-0 Be7 10. f4 Nc7 11. g4 f5 12. exf6 Nxf6 13. Ng3 cxd4 14. cxd4 0-0 15. g5 Nfe8 16. Nf3 Nd6 17. Bd2 Nf5 18. Rc1 Bd6 19. Qe2 Qd7 20. Rfe1 Rae8 21. b3 Qb5 22. Qxb5 Nxb5 23. Nxf5 exf5 24. a4 Rxe1+ 25. Rxe1 Nc7 26. Kf2 Re8 27. Rxe8+ Nxe8 28. Ke3 Nc7 29. Ne1 Kf7 30. Nd3 Ne6 31. Bb4 Bc7 32. Be1 Kg6 33. Bf2 Bd6 34. Be1 Kh5 35. Bg3 g6 36. Be1 Kg4 37. Nf2+ Kh5 38. Nd3 Kg4 39. Nf2+ Kh5 40. Nd3 1/2-1/2

[Event "WchT Seniors 65"]
[Site "Prague"]
[Date "2020.03.08"]
[Round "3.5"]
[White "Vaisser, Anatoli"]
[Black "Huss, Andreas"]
[Result "1-0"]
[WhiteElo "2495"]
[BlackElo "2253"]
[PlyCount "103"]
[EventDate "2020.03.06"]
[EventType "team-swiss"]
[EventRounds "7"]
[EventCountry "CZE"]
[SourceTitle "CBM 195 Extra"]
[Source "ChessBase"]
[SourceDate "2020.05.31"]
[SourceVersion "1"]
[SourceVersionDate "2020.05.31"]
[SourceQuality "1"]
[WhiteTeam "France 65"]
[BlackTeam "Switzerland 65"]
[WhiteTeamCountry "FRA"]
[BlackTeamCountry "SUI"]

1. d4 Nf6 2. c4 e6 3. Nc3 Bb4 4. e3 b6 5. Nge2 Ba6 6. Ng3 Bxc3+ 7. bxc3 d5 8. Ba3 Bxc4 9. Bxc4 dxc4 10. Qa4+ Qd7 11. Qxc4 Qc6 12. Qxc6+ Nxc6 13. c4 0-0-0 14. Rc1 Kb7 15. f3 h5 16. Kf2 h4 17. Ne2 Rh5 18. Rhd1 Ra5 19. Rc3 Ra4 20. Rb1 a6 21. Nc1 Rd7 22. Nd3 Kc8 23. Rb2 g5 24. h3 Nh5 25. Rbc2 Ra5 26. Bc1 f5 27. a3 f4 28. exf4 Nxd4 29. Ra2 Nxf4 30. Nxf4 gxf4 31. Bxf4 Rf5 32. Be3 c5 33. a4 a5 34. Rb2 Kc7 35. Bc1 e5 36. Re3 Nc6 37. Rbe2 Rd4 38. Re4 Nb4 39. Bd2 Nd3+ 40. Kf1 Nf4 41. Rxd4 cxd4 42. Rxe5 Nh5 43. Rb5 Ng3+ 44. Ke1 Kc6 45. Bg5 Rf8 46. Bxh4 Re8+ 47. Kd2 Ne2 48. Bf6 Nc3 49. Re5 Rg8 50. Re6+ Kd7 51. Re7+ Kd6 52. Rg7 1-0

[Event "EUR-chT Seniors 65"]
[Site "Mali Losinj"]
[Date "2019.09.25"]
[Round "8.1"]
[White "Huss, Andreas"]
[Black "Grahn, Lars"]
[Result "1/2-1/2"]
[WhiteElo "2261"]
[BlackElo "2024"]
[PlyCount "98"]
[EventDate "2019.09.18"]
[EventType "team-swiss"]
[EventRounds "9"]
[EventCountry "CRO"]
[SourceTitle "EXT 2020"]
[Source "ChessBase"]
[SourceDate "2019.10.17"]
[SourceVersion "1"]
[SourceVersionDate "2019.10.17"]
[SourceQuality "1"]
[WhiteTeam "Switzerland 65"]
[BlackTeam "Sweden 65 II"]
[WhiteTeamCountry "SUI"]
[BlackTeamCountry "SWE"]

1. d4 f5 2. Nc3 Nf6 3. Bg5 d5 4. e3 e6 5. Nce2 Be7 6. Bxf6 Bxf6 7. f4 c5 8. c3 b6 9. Nc1 0-0 10. Nf3 c4 11. Be2 Nc6 12. 0-0 Bd7 13. b4 b5 14. Ne5 a5 15. bxa5 Rxa5 16. Bf3 Ra3 17. Ne2 Bxe5 18. dxe5 Qa5 19. Qd2 Ne7 20. Rfc1 Ra8 21. Rc2 Rb8 22. Rb1 Ra8 23. Rbb2 Rb8 24. h3 Ra4 25. Rc1 Ra8 26. Ra1 Rb8 27. Kh2 Kh8 28. Nd4 Ra3 29. Rc1 Ra8 30. Rcc2 Rb8 31. g4 g6 32. Qe1 Qd8 33. Qh4 Nc6 34. Qe1 Nxd4 35. exd4 b4 36. Qb1 b3 37. axb3 Raxb3 38. Rxb3 Rxb3 39. Qe1 Qe7 40. gxf5 gxf5 41. Rg2 Qf8 42. Bh5 Be8 43. Bd1 Rb1 44. Qd2 Qh6 45. Be2 Qh4 46. Qe3 Re1 47. Qd2 Bg6 48. Bf3 Rb1 49. Rg3 Rb3 1/2-1/2

[Event "EUR-chT Seniors 65"]
[Site "Mali Losinj"]
[Date "2019.09.19"]
[Round "2.1"]
[White "Balashov, Yuri S"]
[Black "Huss, Andreas"]
[Result "1-0"]
[WhiteElo "2466"]
[BlackElo "2261"]
[PlyCount "137"]
[EventDate "2019.09.18"]
[EventType "team-swiss"]
[EventRounds "9"]
[EventCountry "CRO"]
[SourceTitle "EXT 2020"]
[Source "ChessBase"]
[SourceDate "2019.10.17"]
[SourceVersion "1"]
[SourceVersionDate "2019.10.17"]
[SourceQuality "1"]
[WhiteTeam "Russia 65"]
[BlackTeam "Switzerland 65"]
[WhiteTeamCountry "RUS"]
[BlackTeamCountry "SUI"]

1. d4 e6 2. c4 Nf6 3. Nc3 Bb4 4. Nf3 b6 5. e3 Bb7 6. Be2 0-0 7. 0-0 Bxc3 8. bxc3 d6 9. Nd2 Nbd7 10. f3 e5 11. e4 Nh5 12. Re1 Nf4 13. Bf1 Qg5 14. g3 Ne6 15. Bg2 Qf6 16. d5 Nec5 17. Nf1 a5 18. Ne3 Ba6 19. Rb1 Qd8 20. Rb2 g6 21. Bf1 h5 22. Ng2 Kg7 23. Rf2 Qe8 24. Qd2 Rh8 25. Qc2 Nf6 26. Ne3 Qa4 27. Qd2 Nfd7 28. Be2 Nf6 29. Bd1 Qe8 30. Bc2 Qe7 31. h4 Rag8 32. Ba3 Nfd7 33. Ref1 Kf8 34. Bc1 Ke8 35. Ba3 g5 36. Nf5 Qf6 37. hxg5 Qxg5 38. Qe2 h4 39. g4 h3 40. Bc1 Qg6 41. Kh2 Nf6 42. Rg1 Bc8 43. Be3 Kd8 44. Qd1 Ba6 45. Bxc5 bxc5 46. Bd3 Qg5 47. Qc1 Qxc1 48. Rxc1 Nd7 49. Rb2 Rg6 50. Rcb1 Nb6 51. Ne3 Ke7 52. Kg3 Bc8 53. Rh2 Rgh6 54. Bf1 Kf6 55. Rb5 a4 56. Ra5 Bd7 57. Ra7 Rc8 58. Bxh3 Kg5 59. Rb2 Na8 60. Nc2 Rhh8 61. Rab7 Rhd8 62. Na3 Nb6 63. Bf1 Na8 64. Rh2 Rb8 65. Ra7 Rh8 66. Rxh8 Rxh8 67. Nb5 Nb6 68. Rxc7 Bxb5 69. cxb5 1-0

[Event "SUI-ch Seniors"]
[Site "Leukerbad"]
[Date "2019.07.16"]
[Round "4"]
[White "Moret, Jean Paul"]
[Black "Huss, Andreas"]
[Result "1-0"]
[WhiteElo "2012"]
[BlackElo "2258"]
[PlyCount "81"]
[EventDate "2019.07.13"]
[EventType "tourn"]
[EventRounds "7"]
[EventCountry "SUI"]
[SourceTitle "EXT 2020"]
[Source "ChessBase"]
[SourceDate "2019.10.17"]
[SourceVersion "1"]
[SourceVersionDate "2019.10.17"]
[SourceQuality "1"]

1. e4 c6 2. d4 d5 3. Nc3 dxe4 4. Nxe4 Nf6 5. Nxf6+ gxf6 6. Bc4 Bf5 7. Ne2 e6 8. 0-0 Nd7 9. a4 a5 10. Bf4 h5 11. Ng3 Bg6 12. Re1 Nb6 13. Bd3 Bxd3 14. Qxd3 Nd5 15. Bd2 Qc7 16. Qf3 h4 17. Ne4 0-0-0 18. Rac1 f5 19. Nc3 Bd6 20. Nxd5 Bxh2+ 21. Kh1 Rxd5 22. c4 Rxd4 23. Bc3 Rdd8 24. Bxh8 Rxh8 25. Qc3 Rg8 26. Rcd1 c5 27. Rd3 Qc6 28. Rf3 Bc7 29. Rg1 Qd6 30. Rh3 Qe7 31. Qe3 Rg4 32. b3 b6 33. Rd1 Re4 34. Qf3 Be5 35. Qh5 Qd7 36. g3 Qc6 37. f3 hxg3 38. Rd2 Rg4 39. Kg2 Bc3 40. Qxf7 Bd4 41. Rh7 1-0

[Event "SUI-ch 117th"]
[Site "Graechen"]
[Date "2017.07.15"]
[Round "3"]
[White "Stijve, Theo"]
[Black "Huss, Andreas"]
[Result "1-0"]
[WhiteElo "2158"]
[BlackElo "2305"]
[PlyCount "125"]
[EventDate "2017.07.13"]
[EventType "swiss"]
[EventRounds "9"]
[EventCountry "SUI"]
[SourceTitle "EXT 2019"]
[Source "ChessBase"]
[SourceDate "2018.10.10"]
[SourceVersion "1"]
[SourceVersionDate "2018.10.10"]
[SourceQuality "1"]

1. e4 c6 2. d4 d5 3. f3 e6 4. Nc3 Bd6 5. Be3 Ne7 6. Qd2 0-0 7. 0-0-0 b5 8. e5 Bc7 9. g4 a5 10. Bd3 a4 11. a3 Ba5 12. Qf2 b4 13. axb4 Bxb4 14. Na2 Ba5 15. Nh3 Ng6 16. f4 f5 17. exf6 Rxf6 18. f5 exf5 19. gxf5 Qf8 20. Rdf1 h6 21. Bxh6 gxh6 22. Qg2 Qe7 23. Kb1 Ba6 24. Bxa6 Nxa6 25. Nf4 Qe4 26. Qxe4 dxe4 27. Nxg6 Re8 28. Nc1 Bd2 29. Ne2 e3 30. Rhg1 Kh7 31. Ne5 Nb4 32. c3 Nd5 33. Kc2 Ne7 34. Ng3 Rg8 35. Nd7 Rf7 36. Kd3 Nxf5 37. Ne5 Rff8 38. Nxc6 Nxg3 39. Rxf8 Rxf8 40. hxg3 Rf2 41. d5 Kg7 42. Nd4 Kf7 43. Rh1 e2 44. Nxe2 Bg5 45. Ra1 Rf3+ 46. Kc4 Re3 47. Nd4 Rxg3 48. Rxa4 h5 49. Ra7+ Kg6 50. Ne6 Bf6 51. d6 h4 52. d7 Rg4+ 53. Kb5 h3 54. Ra1 Kf5 55. d8Q Bxd8 56. Nxd8 Ke4 57. c4 h2 58. Rh1 Rh4 59. c5 Rh8 60. Nb7 Kd5 61. b4 Rh4 62. c6 Ke6 63. Kc5 1-0

[Event "Zuerich Chess Challenge op 6th"]
[Site "Zuerich"]
[Date "2017.04.15"]
[Round "4"]
[White "Huss, Andreas"]
[Black "Romanov, Evgeny"]
[Result "0-1"]
[WhiteElo "2313"]
[BlackElo "2640"]
[PlyCount "104"]
[EventDate "2017.04.13"]
[EventType "swiss"]
[EventRounds "9"]
[EventCountry "SUI"]
[SourceTitle "CBM 177 Extra"]
[Source "ChessBase"]
[SourceDate "2017.04.27"]
[SourceVersion "1"]
[SourceVersionDate "2017.04.27"]
[SourceQuality "1"]

1. d4 g6 2. e4 Bg7 3. c3 d6 4. Nf3 Nd7 5. Bc4 e6 6. a4 a5 7. 0-0 Ne7 8. Re1 b6 9. Na3 h6 10. h3 Bb7 11. Bf4 g5 12. Bg3 Ng6 13. Qd2 Nf6 14. Bd3 Nh5 15. Bh2 Nhf4 16. Bb5+ Kf8 17. Bf1 Qf6 18. Bxf4 Nxf4 19. Nh2 h5 20. g3 Ng6 21. Bg2 Qe7 22. Nc4 Kg8 23. b4 axb4 24. cxb4 h4 25. b5 Qd7 26. Red1 hxg3 27. fxg3 d5 28. Ne5 Nxe5 29. dxe5 Bxe5 30. Qxg5+ Bg7 31. Ng4 Qd8 32. Qxd8+ Rxd8 33. Rac1 Rd7 34. e5 Kf8 35. Rc2 Ke7 36. Rdc1 Kd8 37. Rf1 Rh5 38. Re2 c5 39. bxc6 Bxc6 40. Rf4 Ra7 41. Rb2 Bxa4 42. Rxb6 Bxe5 43. Nxe5 Rxe5 44. Rb8+ Ke7 45. Rh8 Bc2 46. h4 Ra1+ 47. Kh2 Re2 48. Kh3 e5 49. Rb4 Bf5+ 50. g4 Ra3+ 51. Kh2 Be4 52. Rxe4 dxe4 0-1

[Event "SUI-ch op"]
[Site "Flims"]
[Date "2016.07.14"]
[Round "8"]
[White "Arcuti, Davide"]
[Black "Huss, Andreas"]
[Result "1/2-1/2"]
[WhiteElo "2288"]
[BlackElo "2345"]
[PlyCount "85"]
[EventDate "2016.07.08"]
[EventType "swiss"]
[EventRounds "9"]
[EventCountry "SUI"]
[SourceTitle "CBM 173 Extra"]
[Source "ChessBase"]
[SourceDate "2016.08.29"]
[SourceVersion "1"]
[SourceVersionDate "2016.08.29"]
[SourceQuality "1"]

1. d4 e6 2. c4 Nf6 3. Nc3 Bb4 4. Qc2 d5 5. cxd5 exd5 6. Bg5 h6 7. Bxf6 Qxf6 8. a3 Bxc3+ 9. Qxc3 0-0 10. e3 Bf5 11. Ne2 Rc8 12. Nf4 c5 13. dxc5 Qxc3+ 14. bxc3 Rxc5 15. Rd1 Nc6 16. Nxd5 Ra5 17. Be2 Rxa3 18. 0-0 Ra2 19. Bf3 Bc2 20. Ra1 Rxa1 21. Rxa1 a5 22. Nb4 Nxb4 23. cxb4 a4 24. Bxb7 Rb8 25. Bc6 Rxb4 26. f3 Kf8 27. Kf2 Ke7 28. Ke1 Kd6 29. Kd2 Bb3 30. Be4 Rc4 31. Bd3 Rc5 32. e4 Kc6 33. f4 Kb6 34. e5 Ka5 35. Rc1 Rxc1 36. Kxc1 Kb4 37. Kb2 a3+ 38. Ka1 Kc3 39. Bb1 Kd4 40. g3 g5 41. fxg5 hxg5 42. h4 Kxe5 43. hxg5 1/2-1/2